| 000 | 00454nam a2200157 a 4500 | ||
|---|---|---|---|
| 001 | 000029321 | ||
| 005 | 20200930055457.0 | ||
| 008 | 110414s2010 dr ac 000 0 spa d | ||
| 020 | _a9789962040323 | ||
| 040 |
_aDO-SdBNP _bspa _cBNPHU |
||
| 082 |
_axxx _bF175b |
||
| 100 | 1 |
_aFajardo, Julio _956205 |
|
| 245 | 1 | 3 |
_aLa biblia de la arquitectura / _cJulio Fajardo. |
| 260 |
_aBarcelona, EspaƱa : _bLexus, _c2010. |
||
| 300 |
_a591 p. : _bil., retrs. ; _c28 cm. |
||
| 999 |
_c28813 _d28813 |
||